| 000 | 01675nam0a22003491 4500 | ||
|---|---|---|---|
| 001 | rc\4005733 | ||
| 005 | 20250611053334.0 | ||
| 021 |
_aRU _b[47-8912] |
||
| 035 | _a(NLR Aleph) 008076239 | ||
| 090 |
_a9094462 _c9094462 |
||
| 100 | _a20130415d1946 |||y0rusy50 ca | ||
| 101 | 0 | _arus | |
| 102 | _aRU | ||
| 105 | _aa j ||||| | ||
| 200 | 1 |
_aКраткий курс венерических и кожных болезней _eДопущ. ВКВШ при СНК СССР в качестве учебника для мед. высш. учеб. заведений |
|
| 205 | _a3-е изд., стер. | ||
| 210 |
_aМосква _cМедгиз _d1946 _gТип. М-305 |
||
| 215 |
_a419 с. _cил. _d26 |
||
| 300 | _aНа 3-й с.: Глава о гонорее написана засл. деятелем науки проф. Р.М. Фронштейном, глава о врожденном сифилисе проф. М.М. Райцем и о профессиональных дерматозах проф. Н.С. Ведровым | ||
| 300 | _aПеред загл. авт.: П.С. Григорьев | ||
| 320 | _aПредм. указатель: с. 409-419 | ||
| 606 |
_aКожные болезни _2psbo |
||
| 606 |
_aВенерические болезни _2psbo |
||
| 700 | 1 |
_7ca _8rus _aГригорьев _bП. С. _cврач-дерматовенеролог _f1879-1940 _gПавел Семенович _9249265 _3RU\NLR\AUTH\770249321 |
|
| 701 | 1 |
_aРайц _bМ.М. |
|
| 701 | 1 |
_aВедров _bН.С. |
|
| 701 | 1 |
_aФронштейн _bР.М. |
|
| 801 | 0 |
_aRU _bNLR _gpsbo |
|
| 801 | 1 |
_aRU _bELAR _2rusmarc |
|
| 852 |
_aNLR _jМд60 Г-7/6 |
||
| 942 | _cBOOK | ||
| 980 | _aNB | ||